Mitologia : wierzenia i podania Greków i Rzymian /
محفوظ في:
| المؤلف الرئيسي: | |
|---|---|
| التنسيق: | كتاب |
| اللغة: | البولندية |
| منشور في: |
London :
Wydawnictwo Puls,
[2018] .
|
| سلاسل: | Proza i Eseistyka
|
| الموضوعات: | |
| الوسوم: |
لا توجد وسوم, كن أول من يضع وسما على هذه التسجيلة!
|
MARC
| LEADER | 00000nam#a2200000#i#4500 | ||
|---|---|---|---|
| 001 | 9912781437605606 | ||
| 005 | 20260515140227.0 | ||
| 008 | 800101s2018 pl a 001 0 pol c | ||
| 020 | |a 0907587852 | ||
| 035 | |a ZDU_16753409-48omnis_zdu | ||
| 035 | |a 6753409 | ||
| 035 | |a (PL)b0000210006783 | ||
| 040 | |a ZDU_1 |c ZDU_1 |d WA N | ||
| 041 | 0 | |a pol | |
| 080 | |a 255.2-264 | ||
| 090 | |c 98 |d 97 | ||
| 100 | |a Parandowski, Jan | ||
| 245 | 1 | 0 | |a Mitologia : |b wierzenia i podania Greków i Rzymian / |c Jan Parandowski. |
| 260 | |a London : |b Wydawnictwo Puls, |c [2018] . | ||
| 300 | |a 303 strony : |c 21 cm. | ||
| 490 | 1 | |a Proza i Eseistyka ; |v 25 | |
| 504 | |a Indeks. | ||
| 650 | |a Mitologia | ||
| 650 | |a Mitologia | ||
| 830 | 0 | |a Proza i Eseistyka | |
| 920 | |a 0 907587 85 2 | ||
| 942 | |c K | ||
| 952 | |0 0 |1 0 |4 0 |6 R__86_000000000000000 |7 0 |9 95 |a RYT |b RYT |d 2026-05-13 |e 1/2014 |g 10.00 |l 0 |o R.86 |p 2000000000862 |r 2026-05-15 14:02:27 |w 2026-05-15 |y BK |z da | ||
| 999 | |c 95 |d 95 | ||